Art of the first cities : (Record no. 352705)

000 -LEADER
fixed length control field 01142 a2200289 4500
003 - CONTROL NUMBER IDENTIFIER
control field OSt
005 - DATE AND TIME OF LATEST TRANSACTION
control field 20260129095329.0
008 - FIXED-LENGTH DATA ELEMENTS--GENERAL INFORMATION
fixed length control field 120529t xxu||||| |||| 00| 0 eng d
010 ## - LIBRARY OF CONGRESS CONTROL NUMBER
LC control number 2003044482
020 ## - INTERNATIONAL STANDARD BOOK NUMBER
International Standard Book Number 1588390438 (hc.)
020 ## - INTERNATIONAL STANDARD BOOK NUMBER
International Standard Book Number 1588390446 (pbk.)
040 ## - CATALOGING SOURCE
Transcribing agency 0
082 00 - DEWEY DECIMAL CLASSIFICATION NUMBER
Classification number 711.40
245 00 - TITLE STATEMENT
Title Art of the first cities :
Remainder of title the third millennium B.C. from the Mediterranean to the Indus /
Statement of responsibility, etc. edited by Joan Aruz with Ronald Wallenfels.
260 ## - PUBLICATION, DISTRIBUTION, ETC.
Place of publication, distribution, etc. New York :
Name of publisher, distributor, etc. Metropolitan Museum of Art :
Place of publication, distribution, etc. New Haven,
Name of publisher, distributor, etc. Yale University Press,
Date of publication, distribution, etc. c2003.
300 ## - PHYSICAL DESCRIPTION
Extent xxiv, 540 p. :
Other physical details ill. (chiefly col.) ;
Dimensions 31 cm.
500 ## - GENERAL NOTE
General note Catalog of an exhibition being held at the Metropolitan Museum of Art from May 8 to Aug. 17, 2003.
650 #0 - SUBJECT ADDED ENTRY--TOPICAL TERM
Topical term or geographic name entry element Art, Ancient
9 (RLIN) 33427
650 #0 - SUBJECT ADDED ENTRY--TOPICAL TERM
Topical term or geographic name entry element Cities and towns, Ancient
9 (RLIN) 23377
650 #0 - SUBJECT ADDED ENTRY--TOPICAL TERM
Topical term or geographic name entry element Civilization, Ancient
9 (RLIN) 5364
650 #0 - SUBJECT ADDED ENTRY--TOPICAL TERM
Topical term or geographic name entry element Middle East
9 (RLIN) 523
700 1# - ADDED ENTRY--PERSONAL NAME
Personal name Aruz, Joan.
9 (RLIN) 33428
700 1# - ADDED ENTRY--PERSONAL NAME
Personal name Wallenfels, Ronald.
9 (RLIN) 33429
710 2# - ADDED ENTRY--CORPORATE NAME
Corporate name or jurisdiction name as entry element Metropolitan Museum of Art (New York, N.Y.)
9 (RLIN) 6683
942 ## - ADDED ENTRY ELEMENTS (KOHA)
Institution code [OBSOLETE] SADA
Koha item type Book
Call number prefix 711.40 ART 2003
Source of classification or shelving scheme
Holdings
Withdrawn status Lost status Source of classification or shelving scheme Damaged status Not for loan Permanent Location Current Location Date acquired Full call number Barcode Date last seen Cost, replacement price Price effective from Koha item type
          School of Art Design and Architecture (SADA) School of Art Design and Architecture (SADA) 04/07/2011 711.40 ART 2003 SADA0000715 08/05/2011 5332.00 08/05/2011 Book
© 2023 Central Library, National University of Sciences and Technology. All Rights Reserved.